000 00629nam a2200193Ia 4500
003 IN-BaIIA
008 211028s9999 xx 000 0 eng d
020 _a0-85274-385-8
040 _cIIA Library
080 _a523.4-852
_bHEN
100 _aHenderson-Sellers, .A
_913321
245 4 _aThe origin and evolution of planetary atmospheres
_cA. Henderson-Sellers
260 _aBristol
_bAdam Hilger
_c1983
300 _axv, 240p.
490 _aMonographs on astronomical subjects; 9
650 _aAstronomy and astrophysics thesaurus
650 _aPlanetary atmospheres
_95728
942 _cBK
999 _c7898
_d7898